000 01045nam a2200265Ia 4500
003 OSt
005 20221005104150.0
006 a|||||r|||| 00| 0
007 ta
008 221004b |||||||| |||| 00| 0 hin d
020 _a8186400540 (hbk)
_c500
024 _a100322
037 _b411, 23/03/2010, Swaraj Prakashan
_cTextual
040 _aCRL
_cCRL
_bhin
041 _2hin
_ahin
082 _aP152, P9
100 _aवत्स, जितेंद्र
245 0 _aभाषा विज्ञान और हिंदी भाषा
246 _aBhāṣhā vijnyān aur hiandī bhāṣhā
260 _aदिल्ली
_bनिर्मल पब्लिकेशन्स् भारत
_c2009
300 _a349पृ0
_ccm.
700 _a देवेन्द्र प्रसाद सिंह
942 _hP152, P9
_cTEXL
_2cc
999 _c1011919
_d1011919